01302nam a2200337Ia 4500001001200000003000800012006001900020007001500039008004100054010001700095020001500112020001800127020001800145040002100163035002100184050002300205082002300228100002300251245013300274260003200407300002400439504005100463533015200514650002400666650003400690650004600724655002900770700002200799710001700821856012600838ebr10510489CaPaEBRm u cr cn|||||||||101221s2011 enka sb 001 0 eng d z 2010053722 z047074927X z9780470749272 z9781119993773 aCaPaEBRcCaPaEBR a(OCoLC)71620901314aQC479b.C47 2011eb04a612/.0144802872221 aChen, R.q(Reuven)10aThermally and optically stimulated luminescenceh[electronic resource] :ba simulation approach /cReuven Chen, Vasilis Pagonis. aChichester :bWiley,c2011. axii, 419 p. :bill. aIncludes bibliographical references and index. aElectronic reproduction.bPalo Alto, Calif. :cebrary,d2011.nAvailable via World Wide Web.nAccess may be limited to ebrary affiliated libraries. 0aThermoluminescence. 0aThermoluminescence dosimetry. 0aOptically stimulated luminescence dating. 7aElectronic books.2local1 aPagonis, Vasilis.2 aebrary, Inc.40uhttp://site.ebrary.com/lib/rucke/Doc?id=10510489zAn electronic book accessible through the World Wide Web; click to view